Statistics for Five Biggest Immigrant Groups by Decade in the US

Click here to take the quiz!

General Stats

  • This quiz has been taken 8,144 times
    (2,885 since last reset)
  • The average score is 14 of 16

Answer Stats

DecadesCountry% Correct
1820, 1920–Mexico
100%
1820–1880, 1900–1960United Kingdom
99%
2000–China
98%
1820–1890, 1920–1960Germany
97%
1890–1910, 1990Russia
97%
1820–1850France
96%
1980–India
96%
1890–1950Italy
96%
1830–1880, 1910–1970Canada
93%
1820–1890Ireland
93%
1960–1970Cuba
89%
1970–1980South Korea
85%
1970–Philippines
83%
1860–1880, 1900Sweden / Norway
80%
1980–Dominican Republic
70%
1890–2010Austria-Hungary
68%

Score Distribution

Percentile by Number Answered

Percent of People with Each Score

Your Score History

You have not taken this quiz since the last reset